[Event "AUTO-OPEN-3461"]
[Site "http://www.queenalice.com/game.php?id=1351339"]
[Date "2015.4.2"]
[Round "1"]
[White "brunocalixto"]
[Black "jacconsultoria"]
[Result "0-1"]
[WhiteElo "1855"]
[BlackElo "2228"]

1. d4 f5 2. c4 b6 3. Nc3 Bb7 4. Nf3 Nf6 5. Bg5 e6 6. e3 Be7 7. Bd3 O-O 8. O-O h6
9. Bh4 g5 10. Bg3 Nh5 11. h3 Nxg3 12. fxg3 Nc6 13. e4 fxe4 14. Nxe4 Nb4 15. g4
Nxd3 16. Qxd3 Rf4 17. Ne5 Bxe4 18. Qg3 d6 19. Rxf4 gxf4 20. Qxf4 dxe5 21. Qxh6
Bf6 22. dxe5 Qd4+ 23. Kh2 Qxe5+ 24. g3 Qxb2+ 0-1

[Event "AUTO-OPEN-3461"]
[Site "http://www.queenalice.com/game.php?id=1351362"]
[Date "2015.4.2"]
[Round "1"]
[White "Spessatto"]
[Black "brunocalixto"]
[Result "1-0"]
[WhiteElo "1944"]
[BlackElo "1884"]

1. d4 Nf6 2. h3 g6 3. Nf3 Bg7 4. Bf4 d6 5. e3 O-O 6. Bc4 Nbd7 7. O-O c5 8. c3 b6
9. Nbd2 Bb7 10. a3 d5 11. Bb3 Rc8 12. Ne5 cxd4 13. exd4 e6 14. Ndf3 a5 15. Qc1
Nxe5 16. dxe5 Nd7 17. Qe3 Nc5 18. Bc2 Ne4 19. Bxe4 dxe4 20. Nd4 Qd7 21. Rad1 Qe7
22. Nb5 Rc5 23. Nd6 Ba6 24. Rfe1 Bxe5 25. Bxe5 Rxe5 26. a4 Rc5 27. Qxe4 f5 28.
Qxe6+ Qxe6 29. Rxe6 Kg7 30. g4 fxg4 31. hxg4 Rg5 32. Rd4 h5 33. Ree4 h4 34. Rf4
Rh8 35. Nf7 1-0

[Event "AUTO-OPEN-3461"]
[Site "http://www.queenalice.com/game.php?id=1351363"]
[Date "2015.4.2"]
[Round "1"]
[White "brunocalixto"]
[Black "Spessatto"]
[Result "0-1"]
[WhiteElo "1869"]
[BlackElo "1913"]

1. d4 d5 2. c4 Bf5 3. Nc3 e6 4. Nf3 h6 5. Bf4 Bd6 6. Bxd6 Qxd6 7. e3 Nf6 8. Bd3
Bh7 9. O-O O-O 10. c5 Qd8 11. b4 Ne4 12. Ne2 Nd7 13. a3 Ng5 14. Bxh7+ Nxh7 15.
b5 c6 16. a4 Ndf6 17. h3 Ne4 18. bxc6 bxc6 19. Qc2 Nhg5 20. Nxg5 Qxg5 21. Rab1
Rfb8 22. Rxb8+ Rxb8 23. Kh2 Qh5 24. f4 Nf6 25. Ng3 Qh4 26. f5 Ng4+ 0-1

[Event "AUTO-OPEN-3461"]
[Site "http://www.queenalice.com/game.php?id=1351378"]
[Date "2015.4.2"]
[Round "1"]
[White "brunocalixto"]
[Black "Herivelto"]
[Result "0-1"]
[WhiteElo "1799"]
[BlackElo "1859"]

1. d4 Nf6 2. c4 g6 3. Nc3 Bg7 4. Bg5 O-O 5. e4 d6 6. Nf3 Nbd7 7. Bd3 h6 8. Be3
Ng4 9. O-O Nxe3 10. fxe3 e5 11. a3 b6 12. b4 Bb7 13. d5 Nf6 14. Rb1 Ng4 15. c5
Nxe3 16. Qe2 Nxf1 17. Rxf1 f5 18. c6 Bc8 19. Nb5 a6 20. Nc3 f4 21. a4 g5 22. h3
g4 23. hxg4 Bxg4 24. Bxa6 h5 25. Qf2 Rxa6 26. Nh4 Bf6 27. Nf5 Bxf5 28. exf5 h4
29. Qf3 Rf7 30. b5 Ra8 31. Ne4 Be7 32. Kf2 Qf8 33. f6 Bxf6 34. Rc1 Rxa4 35. Qg4+
Kh8 0-1

[Event "AUTO-OPEN-3461"]
[Site "http://www.queenalice.com/game.php?id=1351379"]
[Date "2015.4.2"]
[Round "1"]
[White "Herivelto"]
[Black "brunocalixto"]
[Result "0-1"]
[WhiteElo "1927"]
[BlackElo "1837"]

1. e4 c5 2. Nf3 d6 3. d4 cxd4 4. Nxd4 Nf6 5. Nc3 g6 6. Bd3 Bg7 7. Be3 O-O 8. h3
e5 9. Nf3 Nc6 10. Qd2 Be6 11. Ng5 Bd7 12. Nf3 a6 13. Nd5 b5 14. Bh6 Be6 15.
Nxf6+ Qxf6 16. h4 Bg4 17. Be2 Nd4 18. Bg5 Nxf3+ 19. Bxf3 Qe6 20. O-O-O Qxa2 21.
Qe3 Bxf3 22. Qxf3 h6 23. Be7 Rfe8 24. Bxd6 h5 25. g4 hxg4 26. Qxg4 Bh6+ 27. Rd2
Qa1# 0-1

[Event "OS INCLIVEIS"]
[Site "http://www.queenalice.com/game.php?id=1358900"]
[Date "2015.5.11"]
[Round "-"]
[White "adelio"]
[Black "brunocalixto"]
[Result "1-0"]
[WhiteElo "1767"]
[BlackElo "1857"]

1. d4 Nf6 2. c4 g6 3. Nc3 Bg7 4. e4 d6 5. Be2 O-O 6. h4 h5 7. Bg5 Nbd7 8. g4
hxg4 9. Bxg4 c5 10. h5 Nxg4 11. Qxg4 cxd4 12. h6 Ne5 13. Qg2 Bf6 14. h7+ Kh8 15.
Bh6 Re8 16. Nd5 e6 17. Nxf6 Qxf6 18. Bg5 Qg7 19. Rd1 Nxc4 20. Qf3 d5 21. Bf6
Nxb2 22. Bxg7+ Kxg7 23. e5 f5 24. exf6+ Kh8 25. f7 Rf8 26. Qf6# 1-0

[Event "OS INCLIVEIS"]
[Site "http://www.queenalice.com/game.php?id=1358901"]
[Date "2015.5.11"]
[Round "-"]
[White "brunocalixto"]
[Black "adelio"]
[Result "0-1"]
[WhiteElo "1785"]
[BlackElo "1736"]

1. e4 a6 2. d4 c5 3. d5 e5 4. Nc3 d6 5. Nf3 Be7 6. Bd3 h5 7. O-O h4 8. h3 g5 9.
Nh2 Nh6 10. Be2 Nd7 11. Ng4 Nf6 12. Nxh6 Rxh6 13. Bxg5 Rg6 14. Bxh4 Bxh3 15. Bg3
Bxg2 16. Kxg2 Kd7 17. Rh1 Qg8 18. Bh5 Rg5 19. Na4 Nxe4 20. Rh3 Nxg3 21. fxg3 Kc7
22. c4 Qg7 23. Nc3 Rg8 24. Ne4 f5 25. Nxg5 Bxg5 26. Qe2 e4 27. a4 f4 28. Qxe4
Qxb2+ 29. Be2 Qxa1 30. Rh7+ Kb6 31. Qe6 Rd8 32. Qf5 f3+ 33. Bxf3 Qb2+ 34. Kh3
Bf6 35. Rf7 Rh8+ 36. Bh5 Be5 37. Qd7 Rxh5+ 0-1

[Event "AUTO-ADV-3309"]
[Site "http://www.queenalice.com/game.php?id=1382961"]
[Date "2015.9.13"]
[Round "2"]
[White "mvson33"]
[Black "brunocalixto"]
[Result "1-0"]
[WhiteElo "2024"]
[BlackElo "1728"]

1. e4 c5 2. Nf3 d6 3. d4 cxd4 4. Nxd4 Nf6 5. Nc3 a6 6. Bc4 e6 7. O-O Be7 8. Bg5
O-O 9. Qe2 h6 10. Bh4 Nbd7 11. Rab1 b5 12. Bd3 Ne5 13. a3 Nxd3 14. Qxd3 Bb7 15.
f3 Rc8 16. Rbd1 Nd7 17. Bxe7 Qxe7 18. Rfe1 1-0

[Event "Vamos Jogar"]
[Site "http://www.queenalice.com/game.php?id=1407394"]
[Date "2016.2.5"]
[Round "-"]
[White "brunocalixto"]
[Black "Lintz"]
[Result "0-1"]
[WhiteElo "1737"]
[BlackElo "1969"]

1. d4 d5 2. c4 c6 3. Nf3 Nf6 4. Nc3 e6 5. Bg5 Be7 6. e3 O-O 7. Qc2 Nbd7 8. cxd5
Nxd5 9. Bd3 Bxg5 10. Bxh7+ Kh8 11. h4 Bf6 12. h5 Bg5 13. Ne2 Nb4 14. Qb1 f5 15.
Bg6 Bh6 16. e4 Qa5 17. Kf1 Qd8 18. exf5 exf5 19. Bxf5 Nd5 20. Nh4 N7b6 21. Ng6+
Kg8 22. Nxf8 Qxf8 23. Ng3 Nc4 24. Qd3 Nce3+ 25. Kg1 Nxf5 26. Re1 Bd7 27. Ne4 Qb4
28. Re2 Nf4 0-1

[Event "Jogo da Vida"]
[Site "http://www.queenalice.com/game.php?id=1407395"]
[Date "2016.2.5"]
[Round "-"]
[White "Lintz"]
[Black "brunocalixto"]
[Result "1-0"]
[WhiteElo "1921"]
[BlackElo "1724"]

1. d4 Nf6 2. Nc3 g6 3. e4 d6 4. Bg5 Bg7 5. Nf3 O-O 6. Qd2 Na6 7. Bxa6 bxa6 8.
O-O Rb8 9. b3 Bb7 10. Rfe1 c5 11. dxc5 Nxe4 12. Qd3 Nxc3 13. Bxe7 Qd7 14. Bxf8
Ne2+ 15. Qxe2 Bxa1 16. Bxd6 Bc3 17. Bxb8 Bxe1 18. Nxe1 Qd5 19. f3 Qxc5+ 20. Kh1
Kg7 21. Qe5+ Qxe5 22. Bxe5+ f6 23. Bb8 f5 24. Bxa7 g5 25. g3 Kg6 26. Kg1 1-0

[Event "Let's Play Chess!"]
[Site "http://www.queenalice.com/game.php?id=1407628"]
[Date "2016.2.5"]
[Round "-"]
[White "brunocalixto"]
[Black "masam2014"]
[Result "0-1"]
[WhiteElo "1709"]
[BlackElo "1625"]

1. e4 c5 2. Nf3 b6 3. d4 e6 4. Bd3 d5 5. c4 Nf6 6. O-O Bb7 7. Nc3 Be7 8. Re1 O-O
9. e5 Nfd7 10. Qc2 dxc4 11. Bxc4 Bxf3 0-1

[Event "Let's Play Chess!"]
[Site "http://www.queenalice.com/game.php?id=1407629"]
[Date "2016.2.5"]
[Round "-"]
[White "masam2014"]
[Black "brunocalixto"]
[Result "1-0"]
[WhiteElo "1604"]
[BlackElo "1730"]

1. d4 Nf6 2. c4 g6 3. Nf3 d6 4. e3 Bg7 5. Be2 O-O 6. O-O b6 7. a3 Bb7 8. Nc3 c5
9. b3 cxd4 10. Nxd4 Nbd7 11. Bb2 1-0

[Event "AUTO-ADV-3585"]
[Site "http://www.queenalice.com/game.php?id=1407681"]
[Date "2016.2.5"]
[Round "1"]
[White "brunocalixto"]
[Black "Jackzapo"]
[Result "0-1"]
[WhiteElo "1708"]
[BlackElo "2005"]

1. e4 c5 2. Nf3 e6 3. d4 cxd4 4. Nxd4 a6 5. Nc3 Qc7 6. Bd3 Nc6 7. Be3 Nf6 8. O-O
Ne5 9. h3 b5 10. a3 d6 11. Nf3 Nxd3 12. Qxd3 Bb7 13. Rfe1 Be7 14. b4 Rc8 15. Bd2
O-O 16. Ra2 Rfd8 17. Ne2 Nxe4 18. Be3 d5 19. Nf4 Qd6 0-1

[Event "AUTO-ADV-3585"]
[Site "http://www.queenalice.com/game.php?id=1407682"]
[Date "2016.2.5"]
[Round "1"]
[White "Jackzapo"]
[Black "brunocalixto"]
[Result "1-0"]
[WhiteElo "2000"]
[BlackElo "1713"]

1. d4 Nf6 2. c4 d6 3. Nc3 g6 4. Nf3 Bg7 5. e4 O-O 6. h3 Nbd7 7. Bd3 c5 8. d5 a6
9. O-O Ne5 10. Nxe5 dxe5 11. f4 exf4 12. Bxf4 Nd7 13. Qd2 Ne5 14. Be2 b6 15.
Rac1 Bb7 16. b3 e6 17. Rcd1 exd5 18. cxd5 Qd7 19. Qe3 1-0

[Event "AUTO-ADV-3585"]
[Site "http://www.queenalice.com/game.php?id=1407683"]
[Date "2016.2.5"]
[Round "1"]
[White "brunocalixto"]
[Black "maurice91"]
[Result "1-0"]
[WhiteElo "1716"]
[BlackElo "1833"]

1. d4 d5 2. c4 Nf6 3. Nc3 dxc4 4. e4 e6 5. Bxc4 Bd7 6. Nf3 a6 7. a3 b5 8. Ba2
Be7 9. O-O c6 10. b4 a5 11. Bb2 axb4 12. axb4 Bxb4 13. e5 Nd5 14. Ne4 O-O 15.
Qc2 Qb6 16. Neg5 h6 17. Qh7# 1-0

[Event "AUTO-ADV-3585"]
[Site "http://www.queenalice.com/game.php?id=1407684"]
[Date "2016.2.5"]
[Round "1"]
[White "maurice91"]
[Black "brunocalixto"]
[Result "1-0"]
[WhiteElo "1775"]
[BlackElo "1704"]

1. d4 Nf6 2. Nf3 g6 3. c4 d6 4. Nc3 Bg7 5. e4 O-O 6. Be2 Na6 7. a3 c5 8. d5 Nc7
9. Qc2 a6 10. b3 Nxe4 11. Bb2 Nf6 12. O-O b5 13. cxb5 Ncxd5 14. Nxd5 Nxd5 15.
Bxg7 Kxg7 16. bxa6 Bxa6 17. Bxa6 Rxa6 18. Qd3 Nc7 19. Rfd1 Ra8 20. a4 d5 21.
Qc3+ f6 22. Qxc5 e6 23. Rdc1 Rf7 24. b4 Qe7 25. b5 Qxc5 26. Rxc5 Ne8 27. a5 Nd6
28. b6 1-0